[Event "Berdsk-ch"]
[Site "Berdsk"]
[Date "2011.01.09"]
[Round "8"]
[White "Vshivkov, Vitaly"]
[Black "Kovylin, Konstantin"]
[Result "1-0"]
[WhiteElo "1836"]
[BlackElo "2086"]
[PlyCount "61"]
[EventDate "2011.01.02"]
[EventType "swiss"]
[EventRounds "9"]
[EventCountry "RUS"]
[SourceTitle "CBM 140 Extra"]
[Source "ChessBase"]
[SourceDate "2011.03.01"]
[SourceVersion "1"]
[SourceVersionDate "2011.03.01"]
[SourceQuality "1"]

1. d4 Nf6 2. c4 e6 3. Nf3 b6 4. Nc3 Bb4 5. a3 Bxc3+ 6. bxc3 Bb7 7. e3 d6 8. Bb2 Nbd7 9. Be2 Ne4 10. 0-0 Qf6 11. a4 a5 12. Bd3 Qh6 13. Qc2 f5 14. Nd2 Ndf6 15. Rae1 Ng4 16. h3 Ngf6 17. Nxe4 Bxe4 18. f3 Bxd3 19. Qxd3 0-0 20. e4 Nh5 21. Bc1 f4 22. e5 Ng3 23. Rf2 Rfd8 24. Rb2 g5 25. Rb5 dxe5 26. Rbxe5 Kf7 27. Rxe6 Re8 28. Rxh6 Rxe1+ 29. Kf2 Rae8 30. Qxh7+ Kf8 31. Rf6# 1-0

[Event "Novosibirsk Region-ch sf"]
[Site "Novosibirsk"]
[Date "2010.10.18"]
[Round "3"]
[White "Kovylin, Konstantin"]
[Black "Podmarjkov, Sergei"]
[Result "1-0"]
[WhiteElo "2111"]
[BlackElo "2073"]
[PlyCount "101"]
[EventDate "2010.??.??"]
[EventType "swiss"]
[EventRounds "9"]
[EventCountry "RUS"]
[SourceTitle "EXT 2014"]
[Source "ChessBase"]
[SourceDate "2013.11.20"]
[SourceVersion "1"]
[SourceVersionDate "2013.11.20"]
[SourceQuality "1"]

1. e4 c6 2. d4 d5 3. exd5 cxd5 4. Bd3 Nf6 5. c3 Nc6 6. Bf4 Bg4 7. Qb3 Qd7 8. Nd2 e6 9. Ngf3 Bd6 10. Bxd6 Qxd6 11. Qxb7 0-0 12. Qa6 Rfb8 13. Bb5 Rb6 14. Qa4 Bxf3 15. Nxf3 Rab8 16. Bxc6 Qxc6 17. Qxc6 Rxc6 18. Ne5 Rc7 19. Nd3 Ne4 20. Ke2 f6 21. f3 Nd6 22. Rhc1 e5 23. b3 exd4 24. cxd4 Re7+ 25. Kd2 Nf5 26. Re1 Rxe1 27. Rxe1 Nxd4 28. Re7 Rc8 29. Ne1 Nc6 30. Rd7 d4 31. Nc2 h5 32. Nxd4 Nxd4 33. Rxd4 Rc7 34. Rd5 g6 35. b4 Kf7 36. Rc5 Rd7+ 37. Kc3 Ke6 38. Kb3 g5 39. Rc2 g4 40. fxg4 hxg4 41. Re2+ Kf5 42. g3 Rd4 43. Kc3 Rd7 44. Kc4 Kg5 45. a4 f5 46. b5 Rd1 47. a5 Ra1 48. b6 axb6 49. axb6 f4 50. gxf4+ Kxf4 51. Rb2 1-0

[Event "Novosibirsk Region-ch"]
[Site "Novosibirsk"]
[Date "2009.12.08"]
[Round "6"]
[White "Bublei, Pavel"]
[Black "Kovylin, Konstantin"]
[Result "1/2-1/2"]
[WhiteElo "2237"]
[BlackElo "2016"]
[PlyCount "51"]
[EventDate "2009.12.04"]
[EventType "swiss"]
[EventRounds "9"]
[EventCountry "RUS"]
[SourceTitle "EXT 2011"]
[Source "ChessBase"]
[SourceDate "2010.11.26"]
[SourceVersion "1"]
[SourceVersionDate "2010.11.26"]
[SourceQuality "1"]

1. d4 Nf6 2. Nf3 e6 3. c4 b6 4. Bg5 Bb7 5. e3 Be7 6. Nc3 d5 7. Bd3 h6 8. Bh4 Nbd7 9. cxd5 Nxd5 10. Bg3 c5 11. 0-0 0-0 12. Rc1 cxd4 13. Nxd5 Bxd5 14. Nxd4 Nc5 15. Bb1 Qe8 16. Qe2 f5 17. Nb5 Qg6 18. Nc7 Rad8 19. Nxd5 exd5 20. Rfd1 Ne4 21. Rc7 Nxg3 22. hxg3 Bc5 23. Rxa7 d4 24. exd4 Qg4 25. Qxg4 fxg4 26. Bc2 1/2-1/2

[Event "Novosibirsk Sukharev Memorial op"]
[Site "Novosibirsk"]
[Date "2009.07.20"]
[Round "3"]
[White "Tuzhik, Artem"]
[Black "Kovylin, Konstantin"]
[Result "1-0"]
[WhiteElo "2314"]
[BlackElo "1965"]
[PlyCount "57"]
[EventDate "2009.07.18"]
[EventType "swiss"]
[EventRounds "9"]
[EventCountry "RUS"]
[SourceTitle "CBM 131 Extra"]
[Source "ChessBase"]
[SourceDate "2009.09.03"]
[SourceVersion "2"]
[SourceVersionDate "2009.09.16"]
[SourceQuality "1"]

1. e4 Nf6 2. e5 Nd5 3. d4 c5 4. c4 Nc7 5. d5 d6 6. Nf3 Bg4 7. Be2 Nd7 8. e6 fxe6 9. Ng5 Bxe2 10. Qxe2 exd5 11. cxd5 Nf6 12. Nc3 Qd7 13. 0-0 g6 14. Bf4 h6 15. Nge4 0-0-0 16. Rad1 Qf5 17. Nxf6 exf6 18. Be3 h5 19. Qc4 h4 20. h3 Rh5 21. b4 b6 22. Rd2 Kb8 23. Rfd1 cxb4 24. Qxb4 Bh6 25. Bxb6 Bxd2 26. Bxc7+ Kxc7 27. Nb5+ Kb8 28. Rxd2 Rh7 29. Nxd6+ 1-0

[Event "Novosibirsk op 03"]
[Site "Novosibirsk"]
[Date "2009.03.30"]
[Round "8"]
[White "Kovylin, Konstantin"]
[Black "Klimov, Valery"]
[Result "1-0"]
[WhiteElo "1965"]
[BlackElo "1928"]
[PlyCount "57"]
[EventDate "2009.03.17"]
[EventType "swiss"]
[EventRounds "9"]
[EventCountry "RUS"]
[SourceTitle "EXT 2012"]
[Source "ChessBase"]
[SourceDate "2011.11.24"]
[SourceVersion "1"]
[SourceVersionDate "2011.11.24"]
[SourceQuality "1"]

1. e4 e5 2. Nf3 Nc6 3. Bb5 Bc5 4. c3 f5 5. exf5 e4 6. Nd4 Nf6 7. d3 Bxd4 8. cxd4 Nxd4 9. dxe4 Nxb5 10. e5 Qe7 11. 0-0 Qxe5 12. Re1 Ne4 13. f3 d5 14. fxe4 dxe4 15. f6 0-0 16. fxg7 Re8 17. Be3 Be6 18. Qc2 Rad8 19. Nd2 Bf5 20. Nb3 Kxg7 21. a4 a6 22. axb5 axb5 23. Rad1 Kg8 24. Nd4 Bd7 25. Rf1 c5 26. Qb3+ c4 27. Qb4 Rf8 28. Rfe1 Rde8 29. Nxb5 1-0

[Event "Novosibirsk op 03"]
[Site "Novosibirsk"]
[Date "2009.03.27"]
[Round "7"]
[White "Krasnov, Yury"]
[Black "Kovylin, Konstantin"]
[Result "1-0"]
[WhiteElo "2099"]
[BlackElo "1965"]
[PlyCount "71"]
[EventDate "2009.03.17"]
[EventType "swiss"]
[EventRounds "9"]
[EventCountry "RUS"]
[SourceTitle "EXT 2012"]
[Source "ChessBase"]
[SourceDate "2011.11.24"]
[SourceVersion "1"]
[SourceVersionDate "2011.11.24"]
[SourceQuality "1"]

1. Nf3 d5 2. g3 Nf6 3. Bg2 g6 4. 0-0 Bg7 5. c4 c6 6. d4 0-0 7. Nc3 Nbd7 8. Ne5 Nxe5 9. dxe5 Ng4 10. cxd5 cxd5 11. Nxd5 e6 12. Nf6+ Nxf6 13. Qxd8 Rxd8 14. Bg5 h6 15. Bxf6 Bxf6 16. exf6 Bd7 17. Rfd1 Bb5 18. e3 Ba6 19. Bf1 Bxf1 20. Kxf1 Kf8 21. Ke2 Ke8 22. Rac1 Rac8 23. Rxd8+ Kxd8 24. Rxc8+ Kxc8 25. Kd3 Kd7 26. Kd4 Kd6 27. f4 h5 28. e4 Kc6 29. Ke5 Kd7 30. h4 Kc6 31. f5 exf5 32. exf5 Kd7 33. fxg6 fxg6 34. Kd5 b5 35. b4 Ke8 36. Ke6 1-0